| 000 | 00793nam a22002777a 4500 | ||
|---|---|---|---|
| 003 | OSt | ||
| 005 | 20260514103214.0 | ||
| 008 | 260514b |||||||| |||| 00| 0 eng d | ||
| 020 | _a0333520238 | ||
| 040 |
_aKABLIB _beng _cKABLIB |
||
| 082 |
_223 _a428 _bBUG |
||
| 100 |
_aBugembe J.B. _eauthor _915806 |
||
| 245 |
_aThe Nile English Course : _bPupil's Book 6/ _cJ.B Bugembe et al... |
||
| 260 |
_aLondon : _bMacmillan Education Ltd. _cC1971 |
||
| 300 |
_a261 p.; _bill, (col) _c27 cm. |
||
| 650 |
_aWriting _914717 |
||
| 650 |
_aSpeech _914712 |
||
| 651 | _aUganda | ||
| 700 |
_aHemphill R.J. _915807 |
||
| 700 |
_aHinkley V.A _915808 |
||
| 700 |
_aMayerson P.S _915809 |
||
| 700 |
_aMusis C _915810 |
||
| 700 |
_aNyakato Dorothy _915811 |
||
| 700 |
_aWolfgang M _915812 |
||
| 942 |
_2ddc _cBOOK |
||
| 999 |
_c6216 _d6216 |
||